[Event "ESTCC U50 2018"]
[Site "Walbrzych"]
[Date "2018.04.14"]
[Round "1"]
[White "Sihvonen, Tero"]
[Black "Daleczko, Zbigniew"]
[Result "0-1"]
[WhiteElo "1988"]
[BlackElo "1835"]
[Annotator "NA"]
[PlyCount "164"]
[EventDate "2018.??.??"]
[EventCountry "POL"]
[SourceTitle "playchess.com"]
[Source "ChessBase"]
[SourceQuality "1"]
[WhiteTeam "Finland"]
[BlackTeam "Poland"]
[WhiteTeamCountry "FIN"]
[BlackTeamCountry "POL"]
[TimeControl "40/5400+30:1800+30"]

1. e4 {[%emt 0:00:26]} c5 {[%emt 0:04:06]} 2. g3 {[%emt 0:00:56]} Nc6 {[%emt 0:00:19]} 3. Bg2 {[%emt 0:00:26]} g6 {[%emt 0:00:24]} 4. Ne2 {[%emt 0:03:19]} Bg7 {[%emt 0:00:25]} 5. O-O {[%emt 0:01:18]} d6 {[%emt 0:01:31]} 6. h3 {[%emt 0:00:24]} Nf6 {[%emt 0:03:43]} 7. d3 {[%emt 0:10:05]} Rb8 {[%emt 0:00:27]} 8. a4 {[%emt 0:02:26]} O-O {[%emt 0:02:13]} 9. Be3 {[%emt 0:06:02]} Bd7 {[%emt 0:06:40]} 10. Nbc3 {[%emt 0:04:20]} a6 {[%emt 0:07:43]} 11. Qd2 {[%emt 0:11:38]} e5 {[%emt 0:04:53]} 12. Bg5 {[%emt 0:02:09]} Qc8 {[%emt 0:00:16]} 13. Kh2 {[%emt 0:00:28]} Ne8 {[%emt 0:03:00]} 14. Nd5 {[%emt 0:08:45]} f6 $14 {[%emt 0:00:37]} 15. Bh6 {[%emt 0:02:06]} Qd8 {[%emt 0:04:56]} 16. a5 {[%emt 0:13:00]} Ne7 {[%emt 0:01:09]} 17. Nec3 {[%emt 0:02:49]} Nc7 {[%emt 0:01:55]} 18. Bxg7 {[%emt 0:03:08]} Kxg7 {[%emt 0:00:38]} 19. f4 {[%emt 0:00:13]} Ncxd5 {[%emt 0:03:35]} 20. exd5 {[%emt 0:00:23]} Qc7 {[%emt 0:02:38]} 21. Rf2 {[%emt 0:01:37]} Rbe8 {[%emt 0:16:53]} 22. Ne2 {[%emt 0:00:36]} b5 {[%emt 0:01:48]} 23. axb6 {[%emt 0:02:17]} Qxb6 {[%emt 0:00:05]} 24. Rff1 {[%emt 0:03:29]} Rb8 {[%emt 0:03:37]} 25. b3 {[%emt 0:00:26]} Qd8 {[%emt 0:03:54]} 26. Rxa6 {[%emt 0:00:47]} Bc8 {[%emt 0:00:16]} 27. Ra7 {[%emt 0:00:58]} Rf7 {[%emt 0:02:10]} 28. Qa5 {[%emt 0:02:24]} Qxa5 {[%emt 0:02:44]} 29. Rxa5 {[%emt 0:00:28]} Nf5 {[%emt 0:01:23]} 30. Rfa1 {[%emt 0:02:53]} Ne3 {[%emt 0:00:34]} 31. R1a2 {[%emt 0:00:52]} Rb4 {[%emt 0:05:50]} 32. R5a4 {[%emt 0:04:17]} Rfb7 {[%emt 0:02:09]} 33. Rxb4 {[%emt 0:01:59]} Rxb4 {[%emt 0:01:35]} 34. Bf3 {[%emt 0:03:06]} Bb7 {[%emt 0:00:47]} 35. fxe5 {[%emt 0:00:46]} fxe5 {[%emt 0:00:52]} 36. Nc3 {[%emt 0:00:58]} Kf6 {[%emt 0:06:12]} 37. Kg1 {[%emt 0:01:31]} Ke7 {[%emt 0:01:53]} 38. Kf2 {[%emt 0:01:36]} Nf5 {[%emt 0:00:14]} 39. Ra7 {[%emt 0:01:25]} Nd4 {[%emt 0:00:44]} 40. Bd1 {[%emt 0:00:00]} Kd8 {[%emt 0:01:22]} 41. Ne4 {[%emt 0:07:39]} Rb6 {[%emt 0:00:36]} 42. Nc3 {[%emt 0:04:57]} Nb5 {[%emt 0:03:18]} 43. Nxb5 {[%emt 0:00:25]} Rxb5 {[%emt 0:00:06]} 44. c4 {[%emt 0:00:35]} Rb6 {[%emt 0:01:27]} 45. Kf3 {[%emt 0:00:39]} Kc7 {[%emt 0:01:26]} 46. Kg4 {[%emt 0:02:04]} Kb8 {[%emt 0:00:36]} 47. Ra2 {[%emt 0:00:18]} Bc8+ {[%emt 0:00:39]} 48. Kh4 {[%emt 0:00:51]} Rb7 {[%emt 0:05:23]} 49. Rf2 {[%emt 0:00:51]} Bf5 {[%emt 0:02:08]} 50. Bc2 {[%emt 0:01:50]} Re7 {[%emt 0:00:24]} 51. g4 {[%emt 0:00:53]} Bd7 {[%emt 0:01:14]} 52. Kg5 {[%emt 0:00:13]} h5 {[%emt 0:00:43]} 53. Rf6 {[%emt 0:00:39]} hxg4 {[%emt 0:00:30]} 54. hxg4 {[%emt 0:00:20]} Kc7 {[%emt 0:01:33]} 55. Rxg6 {[%emt 0:01:06]} Be8 {[%emt 0:00:18]} 56. Kf6 {[%emt 0:03:52]} Rf7+ {[%emt 0:00:23]} 57. Ke6 {[%emt 0:00:18]} Rh7 {[%emt 0:01:09]} 58. Rg5 {[%emt 0:01:58]} Bd7+ {[%emt 0:01:04]} 59. Kf6 {[%emt 0:00:05]} Rh2 {[%emt 0:00:34]} 60. d4 {[%emt 0:03:57]} Rxc2 {[%emt 0:00:55]} 61. dxe5 {[%emt 0:01:57]} Rf2+ {[%emt 0:00:26]} 62. Ke7 {[%emt 0:00:19]} dxe5 {[%emt 0:00:22]} 63. Rxe5 {[%emt 0:00:42]} Bxg4 {[%emt 0:00:23]} 64. d6+ {[%emt 0:00:50]} Kc6 {[%emt 0:00:28]} 65. Rd5 {[%emt 0:04:41]} Re2+ {[%emt 0:01:19]} 66. Kf6 {[%emt 0:00:26]} Bd7 {[%emt 0:00:33]} 67. Rd3 {[%emt 0:01:24]} Re6+ {[%emt 0:00:29]} 68. Kf7 {[%emt 0:00:04]} Rxd6 {[%emt 0:00:23]} 69. Rg3 {[%emt 0:00:22]} Bf5 {[%emt 0:01:49]} 70. Rg2 {[%emt 0:00:29]} Rd7+ {[%emt 0:01:13]} 71. Kf6 {[%emt 0:00:03]} Be4 {[%emt 0:00:45]} 72. Rb2 {[%emt 0:00:14]} Rb7 {[%emt 0:00:39]} 73. Ke5 {[%emt 0:00:08]} Bd3 {[%emt 0:00:35]} 74. Rf2 {[%emt 0:01:03]} Re7+ {[%emt 0:00:54]} 75. Kf6 {[%emt 0:00:05]} Rb7 {[%emt 0:00:33]} 76. Ke5 {[%emt 0:00:08]} Re7+ {[%emt 0:02:12]} 77. Kf6 {[%emt 0:00:04]} Re1 {[%emt 0:00:27]} 78. Rh2 {[%emt 0:01:34]} Kd6 {[%emt 0:01:31]} 79. Rd2 {[%emt 0:00:46]} Re3 {[%emt 0:01:16]} 80. Rb2 {[%emt 0:00:16]} Re2 {[%emt 0:01:28]} 81. Rd2 Re3 82. Rb2 Re2 0-1

[Event "ESTCC U50 2018"]
[Site "Walbrzych"]
[Date "2018.04.14"]
[Round "1"]
[White "Ciuro Munoz, Ricardo"]
[Black "Fatalibekova, Elena"]
[Result "1/2-1/2"]
[WhiteElo "1972"]
[BlackElo "2195"]
[Annotator "NA"]
[PlyCount "35"]
[EventDate "2018.??.??"]
[EventCountry "POL"]
[SourceTitle "playchess.com"]
[Source "ChessBase"]
[SourceQuality "1"]
[WhiteTeam "Spain"]
[BlackTeam "Russia"]
[WhiteTeamCountry "ESP"]
[BlackTeamCountry "RUS"]
[TimeControl "40/5400+30:1800+30"]

1. e4 {[%emt 0:00:00]} c5 {[%emt 0:00:05]} 2. Nf3 {[%emt 0:00:00]} d6 {[%emt 0:00:06]} 3. d3 {[%emt 0:00:06]} Nc6 {[%emt 0:01:14]} 4. g3 {[%emt 0:00:07]} g6 {[%emt 0:00:54]} 5. Bg2 {[%emt 0:00:07]} Bg7 {[%emt 0:00:30]} 6. O-O {[%emt 0:00:06]} Nf6 {[%emt 0:02:44]} 7. c3 {[%emt 0:05:39]} O-O {[%emt 0:02:09]} 8. Nbd2 {[%emt 0:01:21]} Bd7 {[%emt 0:06:21]} 9. a3 {[%emt 0:03:05]} b5 {[%emt 0:06:55]} 10. b4 {[%emt 0:01:31]} cxb4 {[%emt 0:06:43]} 11. axb4 {[%emt 0:00:25]} a5 {[%emt 0:00:18]} 12. bxa5 {[%emt 0:00:14]} Rxa5 {[%emt 0:00:25]} 13. Bb2 {[%emt 0:00:13]} d5 {[%emt 0:08:50]} 14. exd5 $11 {[%emt 0:12:17]} (14. Rxa5 $14 Qxa5 15. e5) 14... Nxd5 {[%emt 0:01:45]} 15. Qb3 {[%emt 0:00:13]} Nb6 {[%emt 0:03:07]} 16. c4 {[%emt 0:10:08]} Bxb2 {[%emt 0:26:50]} 17. Qxb2 {[%emt 0:02:13]} bxc4 {[%emt 0:04:18]} 18. Nxc4 1/2-1/2

[Event "ESTCC U50 2018"]
[Site "Walbrzych"]
[Date "2018.04.14"]
[Round "1"]
[White "Szmyd, Marek"]
[Black "Salonen, Jyrki"]
[Result "1/2-1/2"]
[WhiteElo "1898"]
[BlackElo "2159"]
[Annotator "NA"]
[PlyCount "88"]
[EventDate "2018.??.??"]
[EventCountry "POL"]
[SourceTitle "playchess.com"]
[Source "ChessBase"]
[SourceQuality "1"]
[WhiteTeam "Poland"]
[BlackTeam "Finland"]
[WhiteTeamCountry "POL"]
[BlackTeamCountry "FIN"]
[TimeControl "40/5400+30:1800+30"]

1. b3 {[%emt 0:05:23]} e5 {[%emt 0:01:09]} 2. Bb2 {[%emt 0:00:04]} Nc6 {[%emt 0:01:58]} 3. e3 {[%emt 0:02:05]} d6 {[%emt 0:02:08]} 4. Nf3 {[%emt 0:00:48]} e4 {[%emt 0:11:07]} 5. Nd4 {[%emt 0:01:40]} Nxd4 {[%emt 0:07:12]} 6. Bxd4 {[%emt 0:00:13]} Nf6 {[%emt 0:01:01]} 7. Be2 {[%emt 0:00:11]} Be7 {[%emt 0:03:16]} 8. O-O {[%emt 0:00:18]} O-O {[%emt 0:00:21]} 9. d3 {[%emt 0:05:44]} exd3 {[%emt 0:08:26]} 10. Qxd3 {[%emt 0:07:16]} Nd7 {[%emt 0:06:40]} 11. c4 {[%emt 0:03:45]} Bf6 {[%emt 0:05:22]} 12. Bxf6 {[%emt 0:04:34]} Qxf6 {[%emt 0:01:20]} 13. Nc3 {[%emt 0:01:30]} Nc5 {[%emt 0:03:04]} 14. Qd4 {[%emt 0:11:19]} Qe5 {[%emt 0:09:24]} 15. Qxe5 {[%emt 0:14:17]} dxe5 {[%emt 0:00:09]} 16. Nd5 {[%emt 0:04:21]} c6 {[%emt 0:02:12]} 17. Ne7+ {[%emt 0:00:12]} Kh8 {[%emt 0:00:07]} 18. Nxc8 {[%emt 0:00:38]} Raxc8 {[%emt 0:00:19]} 19. Rfd1 {[%emt 0:03:37]} Rcd8 {[%emt 0:01:12]} 20. f3 {[%emt 0:04:10]} a5 {[%emt 0:01:43]} 21. Rxd8 {[%emt 0:12:25]} Rxd8 {[%emt 0:00:14]} 22. Rd1 {[%emt 0:00:30]} Rxd1+ {[%emt 0:00:48]} 23. Bxd1 {[%emt 0:00:02]} g6 {[%emt 0:01:17]} 24. Bc2 {[%emt 0:03:00]} Kg7 {[%emt 0:00:41]} 25. Kf2 {[%emt 0:02:52]} Kf6 {[%emt 0:00:30]} 26. a3 {[%emt 0:02:25]} Ke6 {[%emt 0:04:06]} 27. Ke2 {[%emt 0:01:12]} Kd6 {[%emt 0:01:32]} 28. Kd2 {[%emt 0:01:19]} Na6 {[%emt 0:02:26]} 29. Kc3 {[%emt 0:00:54]} Kc5 {[%emt 0:00:29]} 30. f4 {[%emt 0:01:51]} exf4 {[%emt 0:01:38]} 31. exf4 {[%emt 0:00:02]} b5 {[%emt 0:03:23]} 32. cxb5 {[%emt 0:00:25]} cxb5 {[%emt 0:00:14]} 33. h4 {[%emt 0:04:20]} b4+ {[%emt 0:03:09]} 34. axb4+ {[%emt 0:00:06]} axb4+ {[%emt 0:01:37]} 35. Kd3 {[%emt 0:00:12]} Kd5 {[%emt 0:00:17]} 36. g4 {[%emt 0:01:15]} Nc5+ {[%emt 0:02:26]} 37. Ke3 {[%emt 0:00:10]} h6 {[%emt 0:01:41]} 38. Bd1 {[%emt 0:01:15]} f6 {[%emt 0:01:14]} 39. g5 {[%emt 0:00:28]} hxg5 {[%emt 0:02:29]} 40. fxg5 {[%emt 0:00:00]} fxg5 {[%emt 0:08:00]} 41. hxg5 {[%emt 0:00:45]} Ke5 {[%emt 0:14:52]} 42. Bc2 {[%emt 0:01:34]} Nxb3 {[%emt 0:06:18]} 43. Bxb3 {[%emt 0:00:23]} Kf5 {[%emt 0:00:09]} 44. Bc2+ {[%emt 0:00:16]} Kxg5 1/2-1/2

[Event "ESTCC U50 2018"]
[Site "Walbrzych"]
[Date "2018.04.14"]
[Round "1"]
[White "Giulian, Rosemary A"]
[Black "Deleyn, Gunter"]
[Result "1-0"]
[WhiteElo "1880"]
[BlackElo "2200"]
[Annotator "NA"]
[PlyCount "62"]
[EventDate "2018.??.??"]
[EventCountry "POL"]
[SourceTitle "playchess.com"]
[Source "ChessBase"]
[SourceQuality "1"]
[WhiteTeam "Scotland"]
[BlackTeam "Belgium"]
[WhiteTeamCountry "SCO"]
[BlackTeamCountry "BEL"]
[TimeControl "40/5400+30:1800+30"]

1. e4 g6 2. d4 {[%emt 0:00:25]} Bg7 {[%emt 0:00:35]} 3. Nc3 {[%emt 0:00:26]} d6 {[%emt 0:00:06]} 4. Be3 {[%emt 0:00:19]} a6 {[%emt 0:00:16]} 5. Qd2 {[%emt 0:00:16]} b5 {[%emt 0:00:26]} 6. f3 {[%emt 0:00:18]} c6 {[%emt 0:00:55]} 7. O-O-O {[%emt 0:04:05] B06: Modern Defence} (7. a4 b4 8. Nd1 a5 9. Bd3 Nd7 10. Ne2 Ngf6 11. Bh6 Bxh6 12. Qxh6 e5 13. c3 bxc3 14. bxc3 Ng8 {½-½ (53) Efimenko,Z (2701)-Nijboer,F (2584) Wijk aan Zee 2011}) 7... Qc7 {[%emt 0:00:51]} 8. h4 {[%emt 0:01:22]} h5 {[%emt 0:00:16]} 9. g3 $146 {[%emt 0:03:06]} ({Predecessor:} 9. Nh3 Bxh3 10. Rxh3 Nd7 11. g4 hxg4 12. fxg4 b4 13. Na4 Qa5 {1-0 (46) Luther,T (2470)-Hargens,T (2255) Germany 1991}) 9... Nd7 {[%emt 0:02:31]} 10. Bh3 {[%emt 0:02:47]} Ngf6 {[%emt 0:04:17]} 11. Kb1 {[%emt 0:01:39]} Nb6 {[%emt 0:01:28]} 12. b3 {[%emt 0:01:07]} b4 {[%emt 0:05:59]} 13. Nce2 {[%emt 0:00:46]} a5 {[%emt 0:00:51]} 14. Bxc8 {[%emt 0:01:22]} Rxc8 {[%emt 0:00:10]} 15. Nh3 {[%emt 0:00:50]} c5 {[%emt 0:07:00]} 16. dxc5 {[%emt 0:10:04]} dxc5 {[%emt 0:00:06]} 17. Nef4 {[%emt 0:02:39]} O-O {[%emt 0:04:30]} 18. Qe2 {[%emt 0:05:50]} Nxe4 {[%emt 0:07:43]} 19. fxe4 {[%emt 0:07:53]} Qe5 {[%emt 0:00:28]} 20. Bd4 {[%emt 0:00:22]} cxd4 {[%emt 0:00:21]} 21. Rd3 {[%emt 0:02:07]} Rc6 {[%emt 0:04:46]} 22. Ng5 {[%emt 0:01:53]} Rfc8 {[%emt 0:02:57]} 23. Nf3 {[%emt 0:06:44]} Qc7 {[%emt 0:00:46]} 24. Rc1 {[%emt 0:00:30]} e5 {[%emt 0:00:40]} 25. Nd5 {[%emt 0:06:59]} Nxd5 {[%emt 0:00:11]} 26. exd5 {[%emt 0:00:07]} Rc5 {[%emt 0:00:09]} 27. Ng5 {[%emt 0:03:31]} Rxd5 {[%emt 0:04:02]} 28. g4 {[%emt 0:04:59]} hxg4 {[%emt 0:02:01]} 29. Qxg4 {[%emt 0:02:59]} f5 $19 {[%emt 0:02:59]} 30. Qg2 {[%emt 0:00:36]} Rd6 {[%emt 0:00:47]} 31. Rf1 {[%emt 0:03:46]} e4 {[%emt 0:00:34]} 1-0

[Event "ESTCC U50 2018"]
[Site "Walbrzych"]
[Date "2018.04.14"]
[Round "1"]
[White "Puroila, Sippo"]
[Black "Bowmer, Kevin"]
[Result "1/2-1/2"]
[WhiteElo "1838"]
[BlackElo "2064"]
[Annotator "NA"]
[PlyCount "72"]
[EventDate "2018.??.??"]
[EventCountry "POL"]
[SourceTitle "playchess.com"]
[Source "ChessBase"]
[SourceQuality "1"]
[WhiteTeam "Finland"]
[BlackTeam "England"]
[WhiteTeamCountry "FIN"]
[BlackTeamCountry "ENG"]
[TimeControl "40/5400+30:1800+30"]

1. c4 {[%emt 0:00:00]} g6 {[%emt 0:00:09]} 2. Nc3 {[%emt 0:00:00]} Bg7 {[%emt 0:00:12]} 3. g3 {[%emt 0:00:06]} c5 {[%emt 0:00:59]} 4. Bg2 {[%emt 0:00:09]} Nc6 {[%emt 0:00:24]} 5. e4 {[%emt 0:01:39]} d6 {[%emt 0:00:59]} 6. Nge2 {[%emt 0:00:10]} Nf6 {[%emt 0:00:18]} 7. d3 {[%emt 0:00:17]} O-O {[%emt 0:00:51]} 8. h3 {[%emt 0:00:08]} Ne8 {[%emt 0:02:36]} 9. O-O {[%emt 0:00:10] A36: Symmetrical English vs ...g6: 4 Bg2 Bg7} Nc7 {[%emt 0:00:27]} 10. f4 {[%emt 0:00:32]} Ne6 {[%emt 0:00:48]} 11. Rb1 {[%emt 0:01:11]} a6 $146 {[%emt 0:02:07]} ({Predecessor:} 11... Ned4 12. b3 e6 13. Bb2 a6 14. Kh2 Rb8 15. Qd2 Qa5 16. Rbe1 b5 {1-0 (54) Barbosa,O (2518)-Song,M (2340) Las Vegas 2015}) 12. a3 {[%emt 0:00:39]} Rb8 {[%emt 0:00:56]} 13. f5 {[%emt 0:12:11]} Ned4 {[%emt 0:01:04]} 14. g4 {[%emt 0:00:21]} e6 {[%emt 0:07:11]} 15. Ng3 {[%emt 0:01:25]} Re8 {[%emt 0:12:34]} 16. fxe6 {[%emt 0:13:27]} fxe6 {[%emt 0:04:51]} 17. Be3 {[%emt 0:03:12]} Be5 {[%emt 0:08:08]} 18. Bf4 {[%emt 0:04:37]} Rf8 {[%emt 0:01:16]} 19. Bxe5 {[%emt 0:00:33]} Nxe5 {[%emt 0:00:46]} 20. Rxf8+ {[%emt 0:01:23]} (20. Nce2 $17) 20... Qxf8 {[%emt 0:00:31]} 21. Nce2 {[%emt 0:06:34]} Qh6 {[%emt 0:06:39]} 22. Nf1 {[%emt 0:03:43]} Ndf3+ {[%emt 0:05:20]} 23. Bxf3 {[%emt 0:08:58]} Nxf3+ {[%emt 0:00:15]} 24. Kg2 {[%emt 0:00:28]} Nd4 {[%emt 0:09:02]} 25. Nxd4 {[%emt 0:00:26]} cxd4 {[%emt 0:00:12]} 26. Qd2 {[%emt 0:00:20]} Qxd2+ {[%emt 0:01:23]} 27. Nxd2 {[%emt 0:00:03]} Bd7 {[%emt 0:00:18]} 28. Rf1 {[%emt 0:00:04]} Rf8 {[%emt 0:01:22]} 29. Rxf8+ {[%emt 0:01:46]} Kxf8 {[%emt 0:00:04]} 30. g5 {[%emt 0:00:10]} Ke7 {[%emt 0:06:53]} 31. Nb3 {[%emt 0:01:37]} e5 {[%emt 0:00:36]} 32. Nd2 {[%emt 0:01:22]} a5 {[%emt 0:06:08]} 33. b3 {[%emt 0:01:05]} b5 {[%emt 0:01:35]} 34. h4 $11 {[%emt 0:06:19]} a4 {[%emt 0:02:28]} 35. b4 bxc4 {[%emt 0:04:39]} 36. dxc4 {[%emt 0:02:12]} Bg4 {[%emt 0:02:29]} 1/2-1/2

[Event "ESTCC U50 2018"]
[Site "Walbrzych"]
[Date "2018.04.14"]
[Round "1"]
[White "Webster, Jim J"]
[Black "Van de Wynkele, Herman"]
[Result "0-1"]
[WhiteElo "1769"]
[BlackElo "2048"]
[Annotator "NA"]
[PlyCount "94"]
[EventDate "2018.??.??"]
[EventCountry "POL"]
[SourceTitle "playchess.com"]
[Source "ChessBase"]
[SourceQuality "1"]
[WhiteTeam "Scotland"]
[BlackTeam "Belgium"]
[WhiteTeamCountry "SCO"]
[BlackTeamCountry "BEL"]
[TimeControl "40/5400+30:1800+30"]

1. d4 {[%emt 0:00:00]} g6 {[%emt 0:00:05]} 2. c4 {[%emt 0:00:00]} c5 {[%emt 0:00:14]} 3. d5 {[%emt 0:00:08]} b5 {[%emt 0:00:08]} 4. cxb5 {[%emt 0:00:05]} a6 {[%emt 0:00:06]} 5. b6 {[%emt 0:00:08]} Bg7 {[%emt 0:00:17]} 6. Nc3 {[%emt 0:00:19]} d6 {[%emt 0:00:08]} 7. e4 {[%emt 0:00:35]} Nf6 {[%emt 0:00:05]} 8. Nf3 {[%emt 0:00:41]} O-O {[%emt 0:00:08]} 9. Be2 {[%emt 0:00:11]} Nbd7 {[%emt 0:00:42]} 10. O-O {[%emt 0:00:46]} Qxb6 {[%emt 0:02:26]} 11. Qc2 {[%emt 0:05:04] A57: Benko/Volga Gambit} (11. Nd2 Qc7 12. Nc4 Nb6 13. Bg5 Nxc4 14. Bxc4 Rb8 15. Qd2 Rb4 16. b3 Ng4 17. Rac1 f6 18. Bf4 f5 19. exf5 Rxf5 20. Ne4 {½-½ (47) Kunin,V (2537)-Antoniewski,R (2559) Austria 2012}) 11... Bb7 {[%emt 0:06:04]} 12. Bc4 $146 {[%emt 0:08:24]} ({Predecessor:} 12. h3 Ne8 13. b3 Nc7 14. Bb2 e5 15. a4 Bc8 16. Nd2 Rb8 17. Rfb1 Ne8 18. Ba3 Qc7 {1-0 (36) Doric,D (2456)-Novak,D (2372) Sibenik 2009}) 12... a5 {[%emt 0:04:49]} 13. Rb1 {[%emt 0:05:56]} Ba6 {[%emt 0:07:18]} 14. b3 {[%emt 0:06:42]} Rfb8 {[%emt 0:11:33]} 15. Bd2 {[%emt 0:05:55]} Qc7 {[%emt 0:04:56]} 16. Rfe1 {[%emt 0:06:44]} Ng4 {[%emt 0:00:21]} 17. Bxa6 {[%emt 0:04:04]} Rxa6 {[%emt 0:00:08]} 18. Ne2 {[%emt 0:00:47]} Rb7 {[%emt 0:06:43]} 19. h3 {[%emt 0:07:10]} Nge5 {[%emt 0:00:32]} 20. Nxe5 {[%emt 0:00:08]} Bxe5 {[%emt 0:02:13]} 21. Rec1 {[%emt 0:03:57]} Ra8 {[%emt 0:04:44]} 22. Qd3 {[%emt 0:05:28]} Nb8 {[%emt 0:01:09]} 23. f4 {[%emt 0:05:35]} Bg7 {[%emt 0:00:10]} 24. Rc4 {[%emt 0:00:43]} Na6 {[%emt 0:03:56]} 25. Ra4 {[%emt 0:09:34]} Qb6 {[%emt 0:11:12]} 26. Kh1 {[%emt 0:00:28]} Nc7 {[%emt 0:01:23]} 27. Bc3 {[%emt 0:03:39]} Qb5 {[%emt 0:03:25]} 28. Qd2 {[%emt 0:01:37]} Qxa4 {[%emt 0:01:50]} 29. bxa4 $15 {[%emt 0:00:38]} Rxb1+ {[%emt 0:00:05]} 30. Kh2 {[%emt 0:00:15]} Bxc3 {[%emt 0:00:16]} 31. Nxc3 {[%emt 0:00:14]} Rb4 {[%emt 0:00:18]} 32. a3 {[%emt 0:00:59]} Rb3 {[%emt 0:01:56]} 33. Qc2 {[%emt 0:00:26]} Rb6 {[%emt 0:02:19]} 34. e5 {[%emt 0:02:49]} Rab8 {[%emt 0:00:42]} 35. exd6 {[%emt 0:00:50]} exd6 {[%emt 0:00:07]} 36. f5 {[%emt 0:02:30]} Rb2 {[%emt 0:03:21]} 37. Qc1 {[%emt 0:01:16]} Rf2 {[%emt 0:05:16]} 38. Ne4 {[%emt 0:02:02]} Rxf5 {[%emt 0:00:59]} 39. Qc3 {[%emt 0:01:49]} Nxd5 {[%emt 0:01:44]} 40. Qxa5 {[%emt 0:00:00]} Ne3 {[%emt 0:02:37]} 41. Qc3 {[%emt 0:13:04]} Nf1+ {[%emt 0:04:11]} 42. Kg1 {[%emt 0:00:19]} Rb1 {[%emt 0:02:26]} 43. Qd3 {[%emt 0:04:18]} Re1 {[%emt 0:06:54]} 44. g4 {[%emt 0:12:32]} Rf3 {[%emt 0:06:36]} 45. Qxf3 {[%emt 0:02:58]} Nd2+ {[%emt 0:00:07]} 46. Kg2 {[%emt 0:00:59]} Nxf3 {[%emt 0:00:07]} 47. Kxf3 {[%emt 0:00:13]} Ra1 0-1

[Event "ESTCC U50 2018"]
[Site "Walbrzych"]
[Date "2018.04.14"]
[Round "1"]
[White "Aegerter, Klaus"]
[Black "Burchardt, Brigitte"]
[Result "1-0"]
[WhiteElo "1731"]
[BlackElo "2166"]
[Annotator "TA"]
[PlyCount "89"]
[EventDate "2018.??.??"]
[EventCountry "POL"]
[SourceTitle "playchess.com"]
[Source "ChessBase"]
[SourceQuality "1"]
[WhiteTeam "Switzerland"]
[BlackTeam "Germany"]
[WhiteTeamCountry "SUI"]
[BlackTeamCountry "GER"]

{[%evp 20,89,17,18,6,12,58,5,20,0,23,23,29,19,16,0,0,0,8,12,18,23,16,12,7,3,15,-93,-111,-98,-98,-256,-77,-98,-49,-58,0,0,40,20,88,85,175,156,178,25,29,0,0,0,0,-39,19,0,30,0,0,0,0,0,0,0,0,0,0,0,0,-20,0,0,0,0]} 1. e4 c5 2. Nc3 d6 3. g3 Nc6 4. Bg2 g6 5. d3 Bg7 6. Be3 Nf6 7. h3 O-O 8. Nge2 Rb8 9. a4 a6 10. O-O e5 11. Qd2 Nd4 {B26: Closed Sicilian: 3 g3, lines with early Be3} (11... Be6 12. Nd5 Bxd5 13. exd5 Ne7 14. Bg5 Qc7 15. c4 Ne8 16. Bxe7 {½-½ (16) Fogarasi,T (2456)-Ruck,R (2489) Hungary 2001}) 12. Bg5 $146 ({Predecessor:} 12. a5 Bxh3 13. f4 Bxg2 14. Kxg2 Ng4 15. Nd5 Nxe3+ 16. Nxe3 Nxe2 17. Qxe2 exf4 18. gxf4 Bxb2 19. Rab1 {0-1 (33) Laubersheimer,W-Rudnik,H Pocking 1996}) 12... Qe8 13. Bxf6 (13. f4 $14) 13... Bxf6 14. Nd5 Bg7 15. Nxd4 cxd4 16. Qb4 Qd8 17. a5 Be6 18. Nb6 Kh8 19. c3 dxc3 20. bxc3 f5 21. exf5 gxf5 22. Bd5 Qe7 23. f4 {[#]} (23. Kh2 $11 {remains equal.}) 23... Bxd5 $1 $17 24. Nxd5 Qe6 25. Nc7 $2 (25. Qc4 $17) 25... Qg6 $2 (25... Qf7 $19 26. Qc4 (26. Qxd6 $2 Rbd8 $19) 26... exf4 27. Rxf4 Qg6) 26. Kh2 Rfc8 27. Nd5 {Black must now prevent Ne7.} Rc5 (27... Qf7 $1 $15 28. Nb6 Rc6 29. fxe5 dxe5) 28. c4 $36 {[%mdl 2048] White has good play.} e4 (28... Rxd5 $5 29. cxd5 exf4 30. Qxf4 Be5 $11) 29. Rad1 exd3 (29... Qh5 $11) 30. Rxd3 Qe8 (30... Re8 $16) 31. Re1 $18 Qc6 {[#]} 32. Ne7 $2 ({Only move:} 32. Nb6 $1 $18) 32... Qc7 $11 33. Nd5 Qxa5 34. Qxa5 Rxa5 35. Nb6 Rd8 ({Black should try} 35... Ra2+ $15 36. Kh1 a5) 36. Kg2 Bf8 37. Rd5 Ra2+ {The position is equal.} 38. Kf3 Rb2 $1 {[%cal Rb2b3] aiming for ...Rb3+.} 39. c5 Rb5 40. Red1 Re8 41. cxd6 Rxb6 42. d7 Rb3+ 43. Kf2 Rb2+ 44. Kf1 Ree2 $1 ({Wrong is} 44... Rd8 $2 45. Re5 $18) 45. d8=Q {[%mdl 32768] Precision: White = 36%, Black = 39%. . Loss on Time!?} 1-0

[Event "ESTCC U50 2018"]
[Site "Walbrzych"]
[Date "2018.04.16"]
[Round "3"]
[White "Bruno, Fabio"]
[Black "Salonen, Jyrki"]
[Result "1-0"]
[WhiteElo "2439"]
[BlackElo "2159"]
[Annotator "TA"]
[PlyCount "95"]
[EventDate "2018.??.??"]
[EventCountry "POL"]
[SourceTitle "playchess.com"]
[Source "ChessBase"]
[SourceQuality "1"]
[WhiteTeam "Italy"]
[BlackTeam "Finland"]
[WhiteTeamCountry "ITA"]
[BlackTeamCountry "FIN"]

{[%evp 16,95,28,22,22,16,19,19,28,20,16,16,17,16,23,16,27,27,29,24,29,24,57,57,56,34,58,61,100,63,54,39,164,158,159,156,208,172,175,170,255,271,248,197,429,420,388,419,783,747,900,854,737,564,482,381,350,256,252,166,154,154,276,274,439,443,436,436,607,598,587,587,571,577,1920,1806,1895,1758,4133,2216,2009,1113]} 1. d4 d6 2. Nf3 g6 3. c4 Bg7 4. g3 Nd7 5. Bg2 e5 6. Nc3 Ne7 7. O-O O-O 8. e3 exd4 {A41: 1 d4 d6: Tartakower System and Modern Defence} (8... a5 9. b3 Nc6 10. Bb2 Re8 11. h3 e4 12. Ne1 f5 13. Nc2 Nf6 14. a3 d5 15. f4 Be6 16. c5 {1-0 (41) Movsesian,S (2679)-Kuybokarov,T (2491) Moscow 2017}) 9. exd4 {LiveBook: 6 Games} d5 10. cxd5 Nb6 {The position is equal.} 11. Bg5 $146 ({Predecessor:} 11. d6 Qxd6 12. Bf4 Qd8 13. Re1 Ned5 {0-1 (13) Svensson,U (1900)-Rivello,R (2290) SEMI email 2000}) 11... f6 12. d6 Qxd6 13. Bf4 Qd8 14. Qb3+ Kh8 15. Rfe1 Ned5 16. Bd2 $36 {[%mdl 2048] White has the initiative.} c6 17. a4 {Threatens to win with a5.} a5 18. Ne4 Bd7 19. Nc5 Qc7 20. Rac1 Rfe8 21. h4 h5 22. Bf1 Rxe1 23. Rxe1 Be8 {[#]} (23... Bf5 $14) 24. Bxa5 $1 $18 {[%mdl 512] Ne6 is the strong threat.} Bf7 (24... Rxa5 25. Rxe8+) 25. Bd2 Rb8 (25... Ra7 $16 26. Bh3 Qb8) 26. a5 Nc8 27. Ne6 Qd7 {[#]} (27... Bxe6 $142 28. Rxe6 Nce7) 28. Bh3 $1 Nd6 29. Neg5 Qd8 $2 (29... Nf5 {was necessary.}) 30. Nxf7+ Nxf7 31. Be6 Kg8 (31... Nh6 $142 32. Bxd5 Qxd5 33. Qxd5 cxd5) 32. Qd3 Ne7 33. Bb4 Nf5 34. Qe4 Bf8 35. Bxf8 Kxf8 36. d5 cxd5 37. Qxd5 Qxd5 38. Bxd5 N7d6 (38... Ne7 $16) 39. Re6 Kg7 $2 {[#]} (39... Rc8 40. Nd4 (40. Rxf6+ Kg7 $16) 40... Rc5) 40. Nd4 $1 {[%mdl 512] White is clearly winning.} Nxd4 41. Rxd6 {[%mdl 4096] Endgame KRB-KRN} g5 42. hxg5 fxg5 43. Rb6 Rc8 44. Rxb7+ Kh6 45. a6 {[%cal Ba5a6,Ba6a7][%mdl 32]} Rc1+ 46. Kg2 g4 47. a7 Ra1 48. Rb6+ {Precision: White = 86%, Black = 35%.} 1-0